000 00710nam a2200289Ia 4500
005 20260324130242.0
008 008 260324s9999 xx 000 0 eng d
020 _a9781315081847
037 _aEBOOK
040 _aCRL
040 _beng
040 _cCRL
041 _2eng
041 _aeng
084 _qCRL
100 _aPeter Baehr
_91181071
245 0 _aCaesarism, Charisma and Fate
245 0 _bHistorical Sources and Modern Resonances in the Work of Max Weber
260 _bTaylor and Francis
260 _c2008
365 _a
365 _b230
856 _uhttp://www.taylorfrancis.com/books/9781315081847
942 _cEBOOK
999 _c1777088
_d1777088